• 首页
  • 本馆介绍
  • 公告通知
  • 最新文献
  • 馆藏检索
  • 电子资源
  • 读者导购
  • 参考咨询
  • 我的图书馆
  • 登录
  • 详细信息显示
  • 放入我的书架
  • 预约/预借图书
  • 作者相关作品
  • 分类相关作品
  • 丛书相关作品
  • 出版社相关作品

书目信息

  • 表格格式
  • 工作单格式
  • 卡片格式
题名:
网店商品图片与视频拍摄及处理
    
 
作者: 唐智鑫 , 孙润霞 主编
分册:  
出版信息: 北京   人民邮电出版社  2019
页数: 180页
开本: 24cm
丛书名:
单 册:
中图分类: J412.9 , TP391.413
科图分类:
主题词: 商业摄影--摄影技术--高等学校--教材 , 图象处理软件--高等学校--教材
电子资源:
ISBN: 978-7-115-48657-8
000 01197nam0 2200289 45
001 012001012112
005 20140103172432.0
010    @a978-7-115-48657-8@dCNY55.00
100    @a20181114d2018 em y0chiy50 ea
101 0  @achi
102    @aCN@b110000
105    @aa z 000yy
106    @ar
200 1  @a网店商品图片与视频拍摄及处理@9wang dian shang pin tu pian yu shi pin pai she ji chu li@e修图、设计、视频编辑全流程@e全彩微课版@f唐智鑫, 孙润霞主编
210    @a北京@c人民邮电出版社@d2019
215    @a180页@d24cm
300    @a21世纪高等院校电子商务系列规划教材
330    @a本书内容包括网店商品图片拍摄的必修基础,拍摄前的准备,拍摄服装与饰品类商品,拍摄鞋、包类商品,拍摄美妆类商品,拍摄器皿和美食类商品,拍摄家电和数码类商品,商品图片处理,视频的拍摄与裁剪技能,视频的编辑技能,视频的输出与上传。
517 1  @a修图、设计、视频编辑全流程@9xiu tu、she ji、shi pin bian ji quan liu cheng
606 0  @a商业摄影@x摄影技术@x高等学校@j教材
606 0  @a图象处理软件@x高等学校@j教材
690    @aJ412.9@v5
690    @aTP391.413@v5
701  0 @a唐智鑫@9tang zhi xin@4主编
701  0 @a孙润霞@9sun run xia@4主编
801  0 @aCN@b上海新华@c20191020
905    @b1139449-51@dJ412.9@e415@f3
    
    网店商品图片与视频拍摄及处理:修图、设计、视频编辑全流程:全彩微课版/唐智鑫, 孙润霞主编.-北京:人民邮电出版社,2019
    180页;24cm
    21世纪高等院校电子商务系列规划教材
    
    ISBN 978-7-115-48657-8:CNY55.00
    本书内容包括网店商品图片拍摄的必修基础,拍摄前的准备,拍摄服装与饰品类商品,拍摄鞋、包类商品,拍摄美妆类商品,拍摄器皿和美食类商品,拍摄家电和数码类商品,商品图片处理,视频的拍摄与裁剪技能,视频的编辑技能,视频的输出与上传。
●
相关链接 在E读中查询图书 在五车中查询图书 在当当中查询图书 在豆瓣中查询图书


正题名:网店商品图片与视频拍摄及处理     索取号:J412.9/415         预约/预借

序号 登录号 条形码 馆藏地/架位号 状态 备注
1 1139449   211394490   第一样本阅览室/ [索取号:J412.9/415] 在馆    
2 1139450   211394506   第一借阅区/ [索取号:J412.9/415] 在馆    
3 1139451   211394515   第一借阅区/ [索取号:J412.9/415] 在馆    
唐山师范学院图书馆 欢迎您!
大连网信软件有限公司© 版权所有